|
|
|
|
| LEADER |
00936aam a22002658a 4500 |
| 001 |
00030872 |
| 005 |
20171026081025.0 |
| 008 |
130814s2007 ||||||viesd |
| 020 |
|
|
|c 132000
|
| 041 |
0 |
# |
|a vie
|
| 082 |
1 |
4 |
|a 895.922 13
|b PH105CH
|
| 100 |
1 |
# |
|a Chương, Thâu
|e Sưu tầm, tuyển chọn
|
| 245 |
1 |
0 |
|a Phan Châu Trinh về tác gia và tác phẩm
|c Chương Thâu (sưu tầm, tuyển chọn); Trần Hải Yến (giới thiệu)
|
| 260 |
# |
# |
|a Hà Nội
|b Giáo Dục
|c 2007
|
| 300 |
# |
# |
|a 575 tr.
|c 24 cm.
|
| 600 |
1 |
4 |
|a Phan, Châu Trinh
|
| 653 |
# |
# |
|a Thơ
|
| 653 |
# |
# |
|a Tác giả
|
| 653 |
# |
# |
|a Tác phẩm
|
| 653 |
# |
# |
|a Văn học Việt Nam
|
| 700 |
1 |
# |
|a Trần, Hải Yến
|e Giới thiệu
|
| 852 |
# |
# |
|b Kho đọc
|j KD.0014785
|
| 852 |
# |
# |
|j KD.0014785
|
| 910 |
|
|
|d 8/2013
|
| 980 |
# |
# |
|a Trung tâm Học liệu Lê Vũ Hùng, Trường Đại học Đồng Tháp
|